| 000 | 00843nam a2200229Ia 4500 | ||
|---|---|---|---|
| 001 | 16693 | ||
| 003 | GE_BSU | ||
| 008 | 181216s||||||||xx |||||||||||||| ||und|| | ||
| 040 | _cGE_BSU | ||
| 080 | _a82-93:821.161.1-31 | ||
| 100 | _aკატაევი, ვ. | ||
| 245 | _aშავი ზღვის ტალღები. ტ.1.თეთრად ფრიალებს აფრა ეული | ||
| 245 | _bეპოპეა | ||
| 245 | _cმთ.ვ.მგალობლიშვილი. რედ. მ.გვარამია. | ||
| 260 | _aთბილისი | ||
| 260 | _bნაკადული | ||
| 260 | _c1963 | ||
| 300 | _a331გვ.21სმ. | ||
| 653 | _aთეთრად ფრიალებს აფრა ეული | ||
| 653 | _aშავი ზღვის ტალღები | ||
| 942 | _cBK | ||
| 999 |
_c49758 _d49758 |
||